00522nam a22001697a 450000500170000001000150001702000260003203500140005803700130007208200080008510000160009324500750010926000380018427000600022230000200028250000500030220170904124133.0 aENG-120208 a9788178441115c495.00 aEN-103740 bDBAD/PUB a260 aNazer Singh aModern Sikh studies and historigraphy :cby Nazer Singhb(1846-1947) / aNew DelhibK.K. Publicationc2012 a4806/24, Bharat Ram Road, Daryaganj bNew Delhie110002 a160p.c24cm(Hb) aIncludes bibliographical references and index